GD Demon List - Statistics

General Stats
  • This quiz has been taken 45 times
  • The average score is 58 of 150
Answer Stats
Top Name by % Correct
1 Tartarus Dolphy
90%
2 The Golden BoBoBoBoBoBoBo
90%
12 Bloodlust knobbelboy
87%
4 Kenos npesta
87%
3 Zodiac xander
87%
135 Bloodbath
80%
28 Sonic Wave Sunix
80%
33 Yatagarasu TrusTa
73%
19 The Yandere Dorami
70%
8 Cognition Endlevel
67%
5 Crimson Planet TrueOmega
67%
14 Deimos Endlevel
67%
7 Cold Sweat para
63%
47 Digital Descent ViPriN
63%
39 Erebus BoldStep
63%
23 Plasma Pulse Finale Smokes
63%
9 Thinking Space Atomic
63%
63 Artificial Ascent ViPriN
60%
10 Calculator Core Walroose
60%
26 Gamma MindCap
60%
35 Omega MindCap
60%
6 Renevant nikroplays
60%
125 Sakupen Hell
60%
25 Sigma MindCap
60%
13 Ragnarok knobbelboy
57%
15 Arctic Lights Metalface221
53%
16 Aronia Exen
53%
82 Black Blizzard KrmaL
53%
57 Killbot BoldStep
53%
17 Kowareta Shiorin
53%
22 Ouroboros ViPriN
53%
124 Phobos
53%
45 ZAPHKIEL Darwin
53%
94 Astral Divinity knobbelboy
50%
120 Low Death
50%
62 Auditory Breaker LazerBlitz
47%
129 Blade of Justice
47%
87 Butiti III JonathanGD
47%
40 Devil Vortex Rustam
47%
50 Freedom08 Pennutoh
47%
72 Glowy Rob Buck
47%
11 Lucid Nightmares CairoX
47%
46 Molten Gear knobbelboy
47%
99 The Hell Zone Stormfly
47%
21 Wasureta crazen
47%
37 WOW TrusTa
47%
44 xo KrmaL
47%
67 BBBBBBBBBBBBBBBBBBBB RoiMousti
43%
52 Cadrega City Pennutoh
43%
144 Conical Depression
43%
29 Generic Wave Pennutoh
43%
71 Quantum Processing Riot
43%
75 Rate Demon RoiMousti
43%
53 Stalemate Redux TehTactiq
43%
98 Subsonic ViPriN
43%
92 Super Probably Level alkali
43%
97 Anoxysm Lemons
40%
78 Bausha Vortex Pennutoh
40%
73 Cadrega Mode TCTeam
40%
76 Dolos Enzeux
40%
141 Down Bass
40%
24 Hyper Paracosm Endlevel
40%
32 Macabre ZephiroX
40%
43 Sunset Sandstorm chron44
40%
81 The Hell Field Stormfly
40%
110 The Hell World
40%
36 Titan Complex TCTeam
40%
18 Visible Ray Krampux
40%
51 Altered Ascent Prism
37%
132 Artifice
37%
54 Catalyze ZephiroX
37%
42 Celestial Force MindCap
37%
84 Hatred AZuLer4
37%
34 Necromancer TGI
37%
48 Paroxysm Lemons
37%
149 The Hell Bird
37%
117 The Hell Origin
37%
88 Yuh IFritz
37%
20 Aquatic Auroras Endlevel
33%
95 Bass Cave Bloodshot
33%
80 Belloq Sminx
33%
121 Carnage Mode
33%
41 Dark Flare KeiAs
33%
58 Delta Interface Platnuu
33%
61 Demonicat f3lixsram
33%
38 Rage nSwish
33%
83 Ziroikapi Kapinapi
33%
69 Aesthetic SyQual
30%
127 Ancestral Calamity
30%
105 Athanatos
30%
93 Audio Expulsion GoodSmile
30%
79 Balengu Vortex Temp
30%
131 Betrayal of Fate
30%
70 Chromatic Haze Cirtrax
30%
133 Epsilon
30%
66 Ethereal Artifice Zeroya
30%
128 Silentium Gradas
30%
27 Spacial Rand Eclipsed
30%
31 Spectrum Cyclone Temp
30%
74 Ziroikabi RoiMousti
30%
119 Asmodeus
27%
148 Aurora
27%
108 Breakout redux
27%
85 distraught alkali
27%
65 Fabrication KeiAs
27%
59 Factory Realm X HelpegasuS
27%
104 Infernal Abyss
27%
68 Missing Benefits TGI
27%
86 Occult Outcry Havok
27%
55 Step to Hell LaZye
27%
49 Tapwreck MrLorenzo
27%
90 Tenth Circle DeniPol
27%
77 Void Wave CherryBT
27%
138 ATMarbl
23%
134 Atmosphere
23%
123 Dimension Breaker
23%
142 Idols
23%
109 Ithacropolis
23%
56 Photovoltaic II Mazl
23%
146 Prismatic Haze
23%
101 Shock Therapy
23%
100 Surge of Memories TMNGaming
23%
91 Surge of the Shield Geo
23%
137 Under lavaland
23%
150 Arctic Arena
20%
139 Azure Fiesta
20%
106 Berserk
20%
130 Biohazard
20%
30 Edge of the Blade ventris
20%
136 ElectroLux
20%
143 Just DANCE
20%
145 Phosphorescent
20%
96 SINGULARITY Bianox
20%
102 SPEEDRUN
20%
111 Team Z
20%
64 Carcano Asuith
17%
126 Dimensional Breaking
17%
118 EnvY
17%
112 Fabricated Thoughts
17%
89 Furious Flames Eggnog
17%
116 Fusion Z
17%
107 Galactic Shift
17%
140 Hateful reflection
17%
114 MadMansion
17%
60 Tempered Steel ItsHybrid
17%
103 Glitched Memories
13%
115 Mystic
13%
122 VendetTa
13%
113 Disentombed
10%
147 Tempest Tornado
7%
No matching quizzes found
Score Distribution
Percent of People with Each Score
Percentile by Number Answered
Your Score History
You have not taken this quiz